[Event "Hradec Kralove Region-chT 0506"]
[Site "Czech Republic"]
[Date "2005.12.11"]
[Round "4.7"]
[White "Dvorak, Radovan"]
[Black "Sipek, Vitezslav"]
[Result "0-1"]
[WhiteElo "1627"]
[BlackElo "1859"]
[PlyCount "62"]
[EventDate "2005.10.23"]
[EventType "team-tourn"]
[EventRounds "11"]
[EventCountry "CZE"]
[SourceTitle "EXT 2024"]
[Source "ChessBase"]
[SourceDate "2023.10.10"]
[SourceVersion "1"]
[SourceVersionDate "2023.10.10"]
[SourceQuality "1"]
[WhiteTeam "Lipa III"]
[BlackTeam "Rychnov nad Kneznou"]
[WhiteTeamCountry "CZE"]
[BlackTeamCountry "CZE"]

1. e4 e6 2. d4 d5 3. e5 c5 4. c3 Nc6 5. Nf3 Bd7 6. Be2 Qc7 7. Bf4 Nge7 8. Bg3 Nf5 9. Bf4 Qb6 10. b3 cxd4 11. cxd4 Ncxd4 12. Nxd4 Qxd4 13. Qxd4 Nxd4 14. Bd3 Bb4+ 15. Nd2 0-0 16. 0-0 Bb5 17. Bxb5 Nxb5 18. Nf3 Rac8 19. Be3 Ba3 20. Bc1 Rc7 21. Bxa3 Nxa3 22. Rac1 Rfc8 23. Rxc7 Rxc7 24. Nd4 Kf8 25. f4 Ke7 26. Rf3 a6 27. g4 Rc1+ 28. Kg2 Rd1 29. Ne2 Rd2 30. Kf1 Rxa2 31. f5 Nb1 0-1